000
00315nam a22001457a 4500
003
OSt
020
_a
NA
040
_c
0
082
_2
22
_a
628.320
100
_a
Karia, G. L. and Christian, R. A.
245
_a
Wastewater treatment /
260
_b
Prentice Hall,
_c
c2006.
300
_a
0
_b
ill. ;
942
_2
ddc
_c
CIVIL
999
_c
4361
_d
4361